Top 500 Baby Girl Names in Northern Ireland in 2020 - Alphabetical - Statistics

General Stats
  • This quiz has been taken 776 times
  • The average score is 209 of 500
Answer Stats
% Correct
333 A Ana
94%
14 A Anna
94%
333 A Allie
89%
166 A Abbie
85%
71 K Kate
85%
397 M Marie
85%
129 M Mary
85%
333 I Isabel
84%
149 I Isabelle
84%
333 I Isobel
84%
8 A Amelia
83%
40 E Emma
83%
178 C Cait
82%
28 E Eabha
82%
10 E Ella
82%
192 E Emilie
82%
2 E Emily
82%
24 E Eva
82%
39 A Alice
81%
88 E Eve
81%
59 A Abigail
80%
178 A Aimee
80%
103 A Amy
80%
192 E Elle
80%
51 I Isabella
80%
13 A Ava
79%
397 A Ayva
79%
12 C Charlotte
79%
1 G Grace
79%
333 H Hanna
79%
26 H Hannah
79%
111 L Lara
78%
178 L Laura
78%
84 M Maria
78%
103 A Ayla
77%
32 C Chloe
77%
129 E Ellen
77%
3 I Isla
77%
397 K Khloe
77%
397 M Mariah
77%
333 A Alivia
76%
21 A Annie
76%
228 C Catherine
76%
333 K Katherine
76%
192 L Lucie
76%
9 L Lucy
76%
5 O Olivia
76%
281 O Oliwia
76%
53 A Aria
75%
397 A Ariah
75%
212 A Ariya
75%
397 A Ariyah
75%
166 A Arya
75%
31 C Cara
75%
17 E Ellie
75%
397 K Kara
75%
212 L Lauren
75%
63 R Rose
75%
166 L Lillie
74%
119 L Lilly
74%
15 L Lily
74%
397 A Alex
73%
90 E Eliza
73%
24 K Katie
73%
397 L Lea
73%
60 L Leah
73%
246 L Leia
73%
397 L Leja
73%
166 M Maia
73%
246 M Maja
73%
78 M Maya
73%
149 M Mya
73%
333 M Myah
73%
212 S Sara
73%
60 S Sarah
73%
281 D Daisie
71%
43 D Daisy
71%
140 E Elizabeth
70%
19 E Evie
70%
37 J Jessica
70%
149 R Rachel
70%
45 Z Zoe
70%
246 Z Zoey
70%
23 M Mia
69%
397 M Miah
69%
281 M Miya
69%
42 M Mollie
69%
22 M Molly
69%
281 A Alicia
68%
281 A Alicja
68%
212 A Ariana
68%
178 A Arianna
68%
18 E Erin
68%
149 E Evelyn
68%
333 I Ivie
68%
30 I Ivy
68%
192 R Rebecca
68%
55 S Sofia
68%
281 S Sofija
68%
6 S Sophia
68%
7 S Sophie
68%
281 Z Zofia
68%
76 B Bella
67%
11 F Freya
67%
178 A Alexandra
66%
281 J Julia
66%
78 A Ada
65%
16 A Aoife
65%
82 A Ayda
65%
103 B Beth
65%
397 E Elia
65%
333 J Jane
65%
27 N Niamh
65%
228 A Aaliyah
64%
192 A Annabelle
64%
114 C Ciara
64%
397 K Kiara
64%
246 K Kyra
64%
32 R Rosie
64%
397 A Alia
63%
397 A Aliyah
63%
45 Z Zara
63%
43 C Cora
62%
49 E Elsie
62%
103 H Hollie
62%
69 H Holly
62%
36 C Clara
61%
246 K Klara
61%
246 M Maddison
61%
192 M Madison
61%
129 N Nora
61%
192 N Norah
61%
56 R Rosa
61%
281 A Alana
60%
192 A Alanna
60%
228 A Alannah
60%
333 I Iris
60%
101 M Millie
60%
90 O Orla
60%
397 H Helena
59%
281 L Leanna
59%
32 W Willow
59%
134 B Bethany
58%
192 E Eleanor
58%
149 E Elena
58%
212 V Victoria
58%
101 A Amber
57%
397 A Angel
57%
397 D Diana
57%
78 G Gracie
57%
140 C Caitlin
56%
78 F Faith
56%
333 F Francesca
56%
40 G Georgia
56%
212 J Jorja
56%
63 L Layla
56%
333 L Leila
56%
397 L Leyla
56%
134 Q Quinn
56%
119 F Florence
55%
166 H Hope
55%
140 L Lola
55%
82 C Cassie
54%
333 C Cayla
54%
56 H Harper
54%
149 K Kayla
54%
20 R Ruby
54%
281 N Natalia
53%
246 H Hailey
52%
228 H Hayley
52%
246 L Lila
52%
192 L Lilah
52%
119 L Lyla
52%
111 P Penelope
52%
246 A Addison
51%
333 B Brea
51%
228 B Bria
51%
333 I Indi
51%
134 I Indie
51%
246 J Jade
51%
178 J Jasmine
51%
178 L Lena
51%
397 L Lilia
51%
397 A Amelie
50%
333 A Avery
50%
397 E Elsa
50%
228 H Harriet
50%
397 H Harriette
50%
166 N Naomi
50%
149 E Edith
49%
246 E Elise
49%
281 J Josie
49%
103 L Lydia
49%
28 M Maisie
49%
397 M Maisy
49%
95 M Matilda
49%
111 N Nina
49%
74 P Phoebe
49%
49 P Poppy
49%
212 V Violet
49%
178 A Aurora
48%
134 I Imogen
48%
47 S Saoirse
48%
281 S Sorcha
48%
246 B Brianna
47%
119 M Martha
47%
149 M Megan
47%
397 M Meghan
47%
71 B Bonnie
46%
192 J Jessie
46%
114 L Lana
46%
281 M Melissa
46%
53 S Scarlett
46%
158 C Callie
45%
333 E Emelia
45%
63 E Emilia
45%
397 E Esmae
45%
84 E Esme
45%
333 E Esmee
45%
119 L Luna
45%
90 M Mila
45%
178 S Stella
45%
228 B Belle
44%
397 B Briana
44%
119 B Brooke
44%
246 C Cali
44%
397 C Charley
44%
397 F Fae
44%
76 F Faye
44%
246 G Gabriela
44%
397 G Gabriella
44%
397 J Juliette
44%
246 L Louisa
44%
333 N Nicole
44%
397 A Aubree
43%
178 E Eloise
43%
333 H Hazel
43%
333 IR Isla-Rose
43%
397 K Kimberly
43%
246 R Riley
43%
333 R Rylee
43%
333 R Ryleigh
43%
397 A Aleena
42%
246 A Alyssa
42%
281 A April
42%
140 D Darcey
42%
397 D Darci
42%
84 D Darcie
42%
114 D Darcy
42%
178 D Delilah
42%
397 F Frankie
42%
95 H Hallie
42%
281 IR Ivy-Rose
42%
212 R Rhea
42%
228 R Ria
42%
51 S Sadie
42%
397 A Ara
41%
134 M Maggie
41%
95 N Nancy
41%
281 OG Olivia-Grace
41%
68 T Thea
41%
333 T Theia
41%
333 T Tia
41%
246 F Felicity
40%
281 F Fia
40%
119 L Lucia
40%
32 S Sienna
40%
281 A Adriana
39%
397 A Adrianna
39%
333 A Anya
39%
397 A Autumn
39%
228 B Beatrice
39%
71 C Connie
39%
158 E Enya
39%
4 F Fiadh
39%
212 I Ida
39%
192 L Liliana
39%
397 LR Lily-Rose
39%
158 M Maeve
39%
95 P Penny
39%
397 A Aniyah
38%
63 H Heidi
38%
228 T Tara
38%
281 A Aisling
37%
56 C Caoimhe
37%
397 C Carrie
37%
246 G Gia
37%
397 H Halle
37%
246 K Kayleigh
37%
397 K Keeva
37%
246 L Lacey
37%
140 A Aine
36%
397 AR Ava-Rose
36%
192 R Raya
36%
281 R Riadh
36%
397 A Anastasia
35%
84 A Arabella
35%
90 E Eden
35%
228 E Eliana
35%
281 EM Ellie-Mae
35%
397 F Fatima
35%
281 H Harlee
35%
158 H Harley
35%
129 L Lexi
35%
397 L Lexie
35%
119 P Paige
35%
281 P Polly
35%
74 R Robyn
35%
246 S Summer
35%
397 AG Amelia-Grace
33%
281 AR Amelia-Rose
33%
140 ER Ella-Rose
33%
166 G Georgie
33%
333 J Jorgie
33%
333 K Kathleen
33%
246 M Maddie
33%
333 A Aisha
32%
281 AR Anna-Rose
32%
178 A Aoibh
32%
140 A Aoibhe
32%
228 E Emmie
32%
60 L Lottie
32%
397 N Nellie
32%
397 N Nelly
32%
333 P Patricia
32%
333 R Rosalie
32%
333 S Stephanie
32%
333 E Eadie
31%
192 E Edie
31%
212 E Emer
31%
397 KR Katie-Rose
31%
228 A Amira
30%
397 E Evangeline
30%
158 M Mabel
30%
281 A Athena
29%
246 L Lois
29%
103 P Pippa
29%
397 A Amaya
28%
333 N Nadia
28%
90 S Savannah
28%
397 A Amara
27%
333 A Ariella
27%
397 B Billie
27%
333 C Casey
27%
397 EG Eabha-Grace
27%
281 K Kacie
27%
333 K Kyla
27%
397 MM Molly-Mae
27%
95 O Orlaith
27%
281 P Peyton
27%
281 T Tillie
27%
134 T Tilly
27%
281 I Iona
26%
192 T Talia
26%
212 U Una
26%
88 A Aoibheann
25%
192 A Aoibhin
25%
228 A Aoibhinn
25%
397 A Aurelia
25%
333 EM Elsie-Mae
25%
397 J Jodie
25%
333 S Sasha
25%
228 T Tess
25%
397 A Alaina
24%
333 C Cloda
24%
281 E Elodie
24%
397 F Fern
24%
333 M Mara
24%
149 M Margot
24%
397 M Michaela
24%
281 C Cleo
23%
333 D Demi
23%
397 H Harmony
23%
333 M Macie
23%
228 N Nova
23%
333 N Novah
23%
212 T Tessa
23%
69 E Eimear
22%
103 F Farrah
22%
192 S Skye
22%
47 C Clodagh
21%
158 H Harlow
21%
397 J Jill
21%
281 K Karina
21%
281 S Shannon
21%
397 A Alessia
20%
333 E Effie
20%
192 G Grainne
20%
37 M Meabh
20%
281 T Tabitha
20%
333 V Valentina
20%
397 EL Ella-Louise
19%
333 C Carys
18%
281 E Eimhear
18%
397 K Kerry
18%
158 P Piper
18%
281 S Skylar
18%
246 T Tianna
18%
333 W Wren
18%
333 E Eilis
17%
397 E Etta
17%
397 A Alba
16%
397 I Izzy
16%
212 L Laoise
16%
166 A Ailbhe
15%
212 C Cliona
15%
228 E Eilidh
15%
228 K Kaia
15%
397 L Luciana
15%
281 M Mairead
15%
397 MM Maisie-Mae
15%
333 M Minnie
15%
119 N Nevaeh
15%
246 O Orlagh
15%
397 A Alaia
14%
397 B Bobbi
14%
397 L Lilith
14%
397 A Alaya
13%
397 C Clementine
13%
246 D Dakota
13%
333 E Eire
13%
397 FR Fiadh-Rose
13%
397 L Liana
13%
397 M Maci
13%
63 M Myla
13%
333 P Priya
13%
333 S Sadhbh
13%
281 E Ellis
12%
140 R Remi
12%
397 A Andi
11%
397 A Anika
11%
397 B Bronagh
11%
397 D Darla
11%
397 M Marnie
11%
166 M Miley
11%
333 D Doireann
10%
103 E Eireann
10%
114 E Eirinn
10%
333 J Jayla
10%
333 M Meredith
10%
192 M Muireann
10%
95 R Roise
10%
281 A Alara
9%
246 D Dearbhla
9%
397 E Eada
9%
119 F Fianna
9%
397 K Kiana
9%
397 L Lizzie
9%
397 A Aura
8%
397 L Lori
8%
397 M Milana
8%
333 M Milena
8%
166 N Naoise
8%
158 C Cliodhna
7%
397 M Maeva
7%
246 R Riona
7%
397 L Lainey
6%
212 M Meadow
6%
246 S Siofra
6%
397 A Arwen
5%
246 P Pixie
5%
281 B Blathnaid
4%
333 B Brigid
4%
114 C Cadhla
4%
129 C Caragh
4%
333 C Croia
4%
281 E Eadaoin
4%
246 E Eibhlin
4%
333 F Fallon
4%
397 I Ide
4%
281 M Marta
4%
281 P Pola
4%
281 R Rayna
4%
192 R Reeva
4%
397 F Florrie
3%
178 R Rebekah
3%
333 R Roma
3%
281 S Saorla
3%
166 A Aodha
2%
397 B Banba
2%
281 F Fiadhna
2%
397 L Liadan
2%
333 N Neasa
2%
246 R Rionach
2%
166 S Saerlaith
2%
140 S Saorlaith
2%
397 A Austeja
1%
212 C Caela
1%
281 J Juno
1%
397 L Lile
1%
397 M Meara
1%
281 R Rebeca
1%
178 R Rioghnach
1%
246 B Blaithin
0%
281 C Claragh
0%
397 E Eimile
0%
397 E Eriu
0%
333 F Fodhla
0%
246 R Rua
0%
281 T Tierna
0%
No matching quizzes found
Score Distribution
Percent of People with Each Score
Percentile by Number Answered
Your Score History
You have not taken this quiz